[Event "Denker Memorial 26th"]
[Site "Chess.com INT"]
[Date "2020.07.26"]
[Round "4"]
[White "Wang, Alex"]
[Black "Bareket, Tom"]
[Result "1-0"]
[WhiteElo "2112"]
[BlackElo "1883"]
[PlyCount "71"]
[EventDate "2020.07.25"]
[EventType "swiss"]
[EventRounds "6"]
[EventCountry "USA"]
[SourceTitle "EXT 2021"]
[Source "ChessBase"]
[SourceDate "2020.10.23"]
[SourceVersion "1"]
[SourceVersionDate "2020.10.23"]
[SourceQuality "1"]

1. e4 e5 2. Nf3 Nf6 3. Nxe5 d6 4. Nf3 Nxe4 5. d4 d5 6. Bd3 Nc6 7. 0-0 Be7 8. c4 Nb4 9. cxd5 Nxd3 10. Qxd3 Qxd5 11. Re1 Bf5 12. Nc3 Nxc3 13. Qxc3 c6 14. Bh6 Bh3 15. Re5 Qd6 16. gxh3 gxh6 17. Rae1 Rg8+ 18. Kh1 0-0-0 19. Rxe7 Qd5 20. Qb3 Qxb3 21. axb3 Rg7 22. Rg1 Rxg1+ 23. Kxg1 Rd7 24. Rxd7 Kxd7 25. Kf1 Ke6 26. Ke2 Kf5 27. Ke3 f6 28. b4 a6 29. b3 b6 30. Ne1 Kg5 31. Ng2 f5 32. f4+ Kf6 33. Kd3 Ke6 34. Ne3 b5 35. d5+ cxd5 36. Kd4 1-0